[Event "World Chess Olympiad 2018"]
[Site "Batumi"]
[Date "2018.10.02"]
[Round "8"]
[Board "3"]
[WhiteFideId "14300133"]
[White "Klaasen Calvin John"]
[BlackFideId "6204422"]
[Black "Prasitsoonthorn Teerachoti"]
[Result "1-0"]
[LiveChessVersion "1.4.8"]
[BlackElo "1830"]
[WhiteElo "2262"]

1. e4 {[%clk 1:30:55]} c5 {[%clk 1:30:49]} 2. Nc3 {[%clk 1:31:03]} Nc6
{[%clk 1:30:50]} 3. Bb5 {[%clk 1:30:37]} Nd4 {[%clk 1:30:01]} 4. Bc4
{[%clk 1:31:00]} g6 {[%clk 1:24:31]} 5. Nf3 {[%clk 1:30:51]} Bg7 {[%clk 1:23:03]}
6. Nxd4 {[%clk 1:30:29]} cxd4 {[%clk 1:22:40]} 7. Qf3 {[%clk 1:28:01]} e6
{[%clk 1:19:04]} 8. Nb5 {[%clk 1:28:19]} d6 {[%clk 1:05:10]} 9. Qa3
{[%clk 1:25:07]} Ke7 {[%clk 1:01:25]} 10. c3 {[%clk 1:22:31]} dxc3
{[%clk 1:00:44]} 11. dxc3 {[%clk 1:22:20]} a6 {[%clk 1:00:01]} 12. Be2
{[%clk 1:11:18]} Rb8 {[%clk 0:45:46]} 13. Nd4 {[%clk 1:04:50]} Qc7
{[%clk 0:31:52]} 14. Be3 {[%clk 1:04:22]} e5 {[%clk 0:29:07]} 15. Nf3
{[%clk 1:02:40]} Be6 {[%clk 0:26:30]} 16. O-O {[%clk 1:00:48]} h5
{[%clk 0:19:28]} 17. Rfd1 {[%clk 1:01:01]} Rd8 {[%clk 0:18:21]} 18. c4
{[%clk 0:50:51]} Nh6 {[%clk 0:11:42]} 19. Qb4 {[%clk 0:45:01]} Rc8
{[%clk 0:07:30]} 20. Rac1 {[%clk 0:42:03]} a5 {[%clk 0:07:46]} 21. Qb5
{[%clk 0:39:10]} Ng4 {[%clk 0:04:09]} 22. Bb6 {[%clk 0:37:33]} Qc6
{[%clk 0:04:31]} 23. Qxc6 {[%clk 0:28:44]} bxc6 {[%clk 0:04:16]} 24. Bxa5
{[%clk 0:26:23]} Ra8 {[%clk 0:02:54]} 25. Bc7 {[%clk 0:26:13]} Rxa2
{[%clk 0:01:53]} 26. Bxd6+ {[%clk 0:26:31]} Ke8 {[%clk 0:02:05]} 27. Ra1
{[%clk 0:21:44]} Rxa1 {[%clk 0:02:24]} 28. Rxa1 {[%clk 0:22:12]} f6
{[%clk 0:01:43]} 29. c5 {[%clk 0:20:39]} Bf8 {[%clk 0:01:10]} 30. Ra8+
{[%clk 0:19:38]} Kf7 {[%clk 0:01:39]} 31. Ra7+ {[%clk 0:19:59]} Ke8
{[%clk 0:00:57]} 32. b4 {[%clk 0:19:30]} Bd7 {[%clk 0:00:46]} 33. Bc4
{[%clk 0:19:40]} Be7 {[%clk 0:00:33]} 34. Ra8+ {[%clk 0:17:48]} Bd8
{[%clk 0:01:02]} 35. Nh4 {[%clk 0:17:08]} f5 {[%clk 0:00:35]} 36. Nxg6
{[%clk 0:16:40]} Rh6 {[%clk 0:00:47]} 37. exf5 {[%clk 0:12:19]} Bxf5
{[%clk 0:01:06]} 38. Nh4 {[%clk 0:12:15]} Be6 {[%clk 0:00:47]} 39. Bxe6
{[%clk 0:12:33]} Rxe6 {[%clk 0:01:08]} 40. Bc7 {[%clk 0:42:45]} 1-0

[Event "World Chess Olympiad 2018"]
[Site "Batumi"]
[Date "2018.10.02"]
[Round "8"]
[Board "4"]
[WhiteFideId "6202268"]
[White "Pheephacharakan Pinatpong"]
[BlackFideId "14300702"]
[Black "Mabusela Johannes Manyedi"]
[Result "0-1"]
[LiveChessVersion "1.4.8"]
[BlackElo "2245"]
[WhiteElo "1836"]

1. c4 {[%clk 1:30:56]} e6 {[%clk 1:30:36]} 2. g3 {[%clk 1:31:16]} d5
{[%clk 1:30:32]} 3. Bg2 {[%clk 1:31:42]} Nf6 {[%clk 1:30:53]} 4. Nf3
{[%clk 1:31:57]} dxc4 {[%clk 1:28:49]} 5. O-O {[%clk 1:32:12]} a6
{[%clk 1:26:55]} 6. Qc2 {[%clk 1:31:46]} b5 {[%clk 1:25:04]} 7. a4
{[%clk 1:20:44]} Bb7 {[%clk 1:22:56]} 8. axb5 {[%clk 1:14:22]} axb5
{[%clk 1:23:11]} 9. Rxa8 {[%clk 1:14:48]} Bxa8 {[%clk 1:23:40]} 10. Nc3
{[%clk 1:14:57]} Bc6 {[%clk 1:13:06]} 11. b3 {[%clk 1:07:35]} b4 {[%clk 1:01:32]}
12. Na2 {[%clk 1:05:48]} cxb3 {[%clk 0:59:25]} 13. Qxb3 {[%clk 1:06:13]} Qd5
{[%clk 0:53:49]} 14. Qb2 {[%clk 1:01:35]} Qa5 {[%clk 0:50:58]} 15. Ne5
{[%clk 0:56:56]} Bxg2 {[%clk 0:49:34]} 16. Kxg2 {[%clk 0:57:21]} Bd6
{[%clk 0:47:38]} 17. d4 {[%clk 0:50:05]} Na6 {[%clk 0:33:31]} 18. f3
{[%clk 0:36:21]} Bxe5 {[%clk 0:27:27]} 19. dxe5 {[%clk 0:36:45]} Nd5
{[%clk 0:26:01]} 20. Bd2 {[%clk 0:32:46]} c5 {[%clk 0:25:47]} 21. e4
{[%clk 0:30:44]} Nb6 {[%clk 0:24:34]} 22. Rc1 {[%clk 0:29:15]} O-O
{[%clk 0:24:22]} 23. Bg5 {[%clk 0:25:47]} h6 {[%clk 0:20:57]} 24. Be7
{[%clk 0:23:24]} Re8 {[%clk 0:20:47]} 25. Bd6 {[%clk 0:22:25]} Qb5
{[%clk 0:19:49]} 26. Nc3 {[%clk 0:18:36]} Qd3 {[%clk 0:18:14]} 27. Ne2
{[%clk 0:18:21]} Nc4 {[%clk 0:18:12]} 28. Qa2 {[%clk 0:15:46]} b3
{[%clk 0:14:21]} 29. Qa4 {[%clk 0:12:02]} Qxe2+ {[%clk 0:11:57]} 30. Kh3
{[%clk 0:12:24]} Nxd6 {[%clk 0:12:19]} 31. exd6 {[%clk 0:11:52]} Rd8
{[%clk 0:12:39]} 32. e5 {[%clk 0:10:34]} b2 {[%clk 0:10:31]} 33. Rb1
{[%clk 0:10:19]} Qxe5 {[%clk 0:08:53]} 0-1

[Event "World Chess Olympiad 2018"]
[Site "Batumi"]
[Date "2018.10.02"]
[Round "8"]
[Board "1"]
[WhiteFideId "3000010"]
[White "Rodriguez Vila Andres"]
[BlackFideId "5201268"]
[Black "Sadorra Julio Catalino"]
[Result "0-1"]
[LiveChessVersion "1.4.8"]
[BlackElo "2553"]
[WhiteElo "2477"]

1. e4 {[%clk 1:30:44]} e5 {[%clk 1:30:30]} 2. Nf3 {[%clk 1:31:08]} Nc6
{[%clk 1:30:55]} 3. Bc4 {[%clk 1:31:35]} Nf6 {[%clk 1:31:18]} 4. d3
{[%clk 1:31:58]} h6 {[%clk 1:31:24]} 5. O-O {[%clk 1:31:39]} d6 {[%clk 1:31:45]}
6. c3 {[%clk 1:31:24]} g6 {[%clk 1:32:04]} 7. d4 {[%clk 1:29:51]} Qe7
{[%clk 1:32:17]} 8. dxe5 {[%clk 1:29:28]} Nxe5 {[%clk 1:32:06]} 9. Nxe5
{[%clk 1:28:53]} dxe5 {[%clk 1:31:24]} 10. Qe2 {[%clk 1:27:55]} Bg7
{[%clk 1:28:47]} 11. b3 {[%clk 1:26:55]} Nh5 {[%clk 1:28:22]} 12. g3
{[%clk 1:25:00]} Bd7 {[%clk 1:23:41]} 13. Qe3 {[%clk 1:17:11]} Bh3
{[%clk 1:09:39]} 14. Rd1 {[%clk 1:08:30]} O-O {[%clk 1:07:49]} 15. Ba3
{[%clk 1:05:24]} Rfd8 {[%clk 1:08:03]} 16. Rd5 {[%clk 0:50:31]} Rxd5
{[%clk 0:54:23]} 17. exd5 {[%clk 0:43:23]} Qd7 {[%clk 0:53:56]} 18. Nd2
{[%clk 0:43:03]} Nf6 {[%clk 0:50:03]} 19. Ne4 {[%clk 0:17:11]} Nxd5
{[%clk 0:45:54]} 20. Qe2 {[%clk 0:11:27]} Rd8 {[%clk 0:44:28]} 21. Rd1
{[%clk 0:08:37]} Nf4 {[%clk 0:43:18]} 22. Qd2 {[%clk 0:03:40]} Qxd2
{[%clk 0:40:17]} 23. Rxd2 {[%clk 0:04:09]} Rxd2 {[%clk 0:40:41]} 24. Nxd2
{[%clk 0:04:38]} Ne6 {[%clk 0:40:37]} 25. f3 {[%clk 0:04:34]} Ng5
{[%clk 0:29:40]} 26. Be7 {[%clk 0:04:15]} Bf8 {[%clk 0:30:00]} 27. Bxg5
{[%clk 0:03:49]} Bc5+ {[%clk 0:30:26]} 28. Kh1 {[%clk 0:04:11]} hxg5
{[%clk 0:30:54]} 29. Ne4 {[%clk 0:04:28]} Be3 {[%clk 0:31:18]} 30. Nf6+
{[%clk 0:03:47]} Kf8 {[%clk 0:21:19]} 31. g4 {[%clk 0:04:04]} c6 {[%clk 0:21:10]}
32. Nd7+ Kg7 {[%clk 0:21:25]} 33. Nxe5 {[%clk 0:04:50]} f6 {[%clk 0:21:50]} 34.
Nd7 {[%clk 0:04:08]} Bd2 {[%clk 0:19:30]} 35. Nc5 {[%clk 0:03:49]} f5
{[%clk 0:19:05]} 36. Be2 {[%clk 0:03:08]} Bxc3 {[%clk 0:19:14]} 37. Nxb7
{[%clk 0:03:30]} Kf6 {[%clk 0:18:33]} 38. Nd8 {[%clk 0:03:36]} Ke5
{[%clk 0:18:26]} 39. Nxc6+ {[%clk 0:03:45]} Kf4 {[%clk 0:18:54]} 40. gxf5
{[%clk 0:31:01]} Ke3 {[%clk 0:48:02]} 41. Kg1 {[%clk 0:26:12]} Kxe2
{[%clk 0:48:26]} 42. fxg6 {[%clk 0:26:40]} Ke1 {[%clk 0:48:11]} 0-1

[Event "World Chess Olympiad 2018"]
[Site "Batumi"]
[Date "2018.10.02"]
[Round "8"]
[Board "2"]
[WhiteFideId "5201381"]
[White "Gomez John Paul"]
[BlackFideId "3003809"]
[Black "Lopez Azambuja Nicolas"]
[Result "1/2-1/2"]
[LiveChessVersion "1.4.8"]
[BlackElo "2322"]
[WhiteElo "2464"]

1. d4 {[%clk 1:30:53]} Nf6 {[%clk 1:30:55]} 2. c4 {[%clk 1:30:56]} e6
{[%clk 1:31:13]} 3. g3 {[%clk 1:30:45]} d5 {[%clk 1:31:20]} 4. Nf3
{[%clk 1:30:55]} dxc4 {[%clk 1:31:25]} 5. Bg2 {[%clk 1:31:01]} a6
{[%clk 1:31:26]} 6. O-O {[%clk 1:28:26]} Nc6 {[%clk 1:31:39]} 7. e3
{[%clk 1:21:45]} Bd7 {[%clk 1:31:18]} 8. Qe2 {[%clk 1:19:24]} Bd6
{[%clk 1:31:20]} 9. Rd1 {[%clk 1:13:12]} O-O {[%clk 1:25:46]} 10. Qxc4
{[%clk 1:10:10]} Rb8 {[%clk 1:23:54]} 11. Nbd2 {[%clk 0:58:07]} Qe7
{[%clk 1:20:06]} 12. e4 {[%clk 0:50:07]} e5 {[%clk 1:18:00]} 13. dxe5
{[%clk 0:48:07]} Nxe5 {[%clk 1:18:06]} 14. Nxe5 {[%clk 0:48:18]} Bxe5
{[%clk 1:16:02]} 15. Nf3 {[%clk 0:47:27]} Bg4 {[%clk 1:11:03]} 16. h3
{[%clk 0:45:36]} Bxf3 {[%clk 1:05:26]} 17. Bxf3 {[%clk 0:45:57]} Rfd8
{[%clk 0:53:15]} 18. Rxd8+ {[%clk 0:45:19]} Qxd8 {[%clk 0:43:00]} 19. Qc2
{[%clk 0:36:38]} Qd7 {[%clk 0:33:48]} 20. Kg2 {[%clk 0:36:00]} Re8
{[%clk 0:31:10]} 21. Be3 {[%clk 0:35:20]} Qb5 {[%clk 0:27:46]} 22. Rd1
{[%clk 0:33:32]} Qb4 {[%clk 0:18:16]} 23. Rd2 {[%clk 0:28:57]} h6
{[%clk 0:17:27]} 24. a3 {[%clk 0:26:21]} Qe7 {[%clk 0:16:39]} 25. b4
{[%clk 0:25:25]} Rd8 {[%clk 0:11:30]} 26. Rxd8+ {[%clk 0:24:13]} Qxd8
{[%clk 0:11:57]} 27. Be2 {[%clk 0:22:52]} c6 {[%clk 0:10:13]} 28. f4
{[%clk 0:21:43]} Bc7 {[%clk 0:10:27]} 29. Qd3 {[%clk 0:21:27]} Qxd3
{[%clk 0:06:56]} 30. Bxd3 {[%clk 0:21:03]} a5 {[%clk 0:07:12]} 31. Kf3
{[%clk 0:17:17]} axb4 {[%clk 0:07:14]} 32. axb4 {[%clk 0:17:39]} Nd7
{[%clk 0:06:05]} 33. e5 {[%clk 0:17:26]} Kf8 {[%clk 0:03:20]} 34. Ke4
{[%clk 0:16:48]} Ke7 {[%clk 0:03:31]} 35. Bc4 {[%clk 0:15:52]} Bb6
{[%clk 0:02:10]} 36. Bd2 {[%clk 0:16:03]} Bf2 {[%clk 0:01:15]} 37. g4
{[%clk 0:16:14]} Nb6 {[%clk 0:00:53]} 38. Bb3 {[%clk 0:15:59]} Nd7
{[%clk 0:00:57]} 39. Bc3 {[%clk 0:14:44]} Nb6 {[%clk 0:00:50]} 40. f5
{[%clk 0:44:11]} Kf8 {[%clk 0:30:44]} 41. f6 {[%clk 0:41:37]} gxf6
{[%clk 0:20:52]} 42. exf6 {[%clk 0:41:51]} Nd7 {[%clk 0:19:59]} 43. Kf5
{[%clk 0:41:40]} Bh4 {[%clk 0:19:46]} 44. Bd1 {[%clk 0:37:43]} Bg5
{[%clk 0:17:43]} 45. Bf3 {[%clk 0:37:17]} Kg8 {[%clk 0:17:19]} 46. Bg2
{[%clk 0:32:49]} Nf8 {[%clk 0:15:56]} 47. b5 {[%clk 0:31:56]} cxb5
{[%clk 0:16:22]} 48. Bxb7 {[%clk 0:31:43]} Nh7 {[%clk 0:16:41]} 49. Bd5
{[%clk 0:25:27]} b4 {[%clk 0:15:13]} 50. Be5 {[%clk 0:21:21]} Kf8
{[%clk 0:13:46]} 51. Bc4 {[%clk 0:19:21]} Kg8 {[%clk 0:13:58]} 52. Bb3
{[%clk 0:19:04]} Kf8 {[%clk 0:12:36]} 53. Bd6+ {[%clk 0:18:11]} Kg8
{[%clk 0:12:53]} 54. Be7 {[%clk 0:18:01]} Bh4 {[%clk 0:12:14]} 55. Bxb4
{[%clk 0:16:34]} Bxf6 {[%clk 0:11:55]} 56. Be1 {[%clk 0:16:35]} Kg7
{[%clk 0:11:56]} 57. h4 {[%clk 0:16:43]} Bb2 {[%clk 0:11:52]} 58. Bd2
{[%clk 0:16:46]} Bd4 {[%clk 0:11:55]} 59. Be1 {[%clk 0:16:56]} Bb2
{[%clk 0:12:20]} 60. Bd2 {[%clk 0:17:18]} Bd4 {[%clk 0:12:45]} 1/2-1/2

[Event "World Chess Olympiad 2018"]
[Site "Batumi"]
[Date "2018.10.02"]
[Round "8"]
[Board "3"]
[WhiteFideId "101710"]
[White "Rodi Luis Ernesto"]
[BlackFideId "5200750"]
[Black "Garcia Jan Emmanuel"]
[Result "1/2-1/2"]
[LiveChessVersion "1.4.8"]
[BlackElo "2439"]
[WhiteElo "2308"]

1. e4 {[%clk 1:30:57]} e5 {[%clk 1:30:34]} 2. Nf3 {[%clk 1:31:12]} Nc6
{[%clk 1:30:43]} 3. Bc4 {[%clk 1:31:08]} Bc5 {[%clk 1:30:43]} 4. O-O
{[%clk 1:31:22]} Nf6 {[%clk 1:30:55]} 5. d3 {[%clk 1:31:44]} a6 {[%clk 1:31:05]}
6. c3 {[%clk 1:31:51]} d6 {[%clk 1:31:08]} 7. a4 {[%clk 1:32:13]} h6
{[%clk 1:30:41]} 8. Re1 {[%clk 1:32:28]} O-O {[%clk 1:30:43]} 9. Nbd2
{[%clk 1:32:49]} Be6 {[%clk 1:28:06]} 10. Bxe6 {[%clk 1:31:13]} fxe6
{[%clk 1:28:32]} 11. b4 {[%clk 1:31:27]} Ba7 {[%clk 1:28:26]} 12. Nf1
{[%clk 1:29:22]} Qe8 {[%clk 1:18:17]} 13. h3 {[%clk 1:27:08]} Nh5
{[%clk 1:17:46]} 14. Be3 {[%clk 1:26:53]} Nf4 {[%clk 1:14:06]} 15. d4
{[%clk 1:25:45]} exd4 {[%clk 1:05:57]} 16. Nxd4 {[%clk 1:24:10]} Ne5
{[%clk 0:51:10]} 17. Bxf4 {[%clk 1:05:44]} Rxf4 {[%clk 0:49:53]} 18. Qb3
{[%clk 1:05:56]} Nd3 {[%clk 0:37:14]} 19. Re2 {[%clk 1:03:27]} Qf7
{[%clk 0:33:58]} 20. Qxe6 {[%clk 0:44:04]} Qxe6 {[%clk 0:23:55]} 21. Nxe6
{[%clk 0:43:42]} Rxf2 {[%clk 0:21:47]} 22. Rxf2 {[%clk 0:44:01]} Nxf2
{[%clk 0:20:04]} 23. Nxc7 {[%clk 0:43:14]} Rf8 {[%clk 0:18:41]} 24. Kh2
{[%clk 0:40:58]} Nxe4 {[%clk 0:17:26]} 25. Nd5 {[%clk 0:40:39]} Nxc3
{[%clk 0:14:56]} 26. Nxc3 {[%clk 0:35:23]} Bd4 {[%clk 0:15:16]} 27. Rc1
{[%clk 0:35:45]} Bxc3 {[%clk 0:15:33]} 28. Rxc3 {[%clk 0:36:10]} Rxf1
{[%clk 0:15:57]} 29. Rc7 {[%clk 0:36:37]} Rf7 {[%clk 0:15:33]} 30. Rc8+
{[%clk 0:37:00]} Rf8 {[%clk 0:15:47]} 31. Rc7 {[%clk 0:37:25]} Rf7
{[%clk 0:16:12]} 32. Rc8+ {[%clk 0:37:53]} Kh7 {[%clk 0:16:35]} 33. Rd8
{[%clk 0:38:19]} Rf4 {[%clk 0:16:51]} 34. Rxd6 {[%clk 0:38:22]} Rxb4
{[%clk 0:17:13]} 35. a5 {[%clk 0:38:48]} Rb5 {[%clk 0:17:19]} 36. Rd7
{[%clk 0:39:13]} Kg6 {[%clk 0:17:02]} 37. h4 {[%clk 0:39:35]} h5 {[%clk 0:15:48]}
38. Kh3 {[%clk 0:39:46]} Kf6 {[%clk 0:16:02]} 39. Rc7 {[%clk 0:40:02]} g6
{[%clk 0:16:12]} 40. Rd7 {[%clk 1:09:22]} Ke6 {[%clk 0:42:07]} 41. Rg7
{[%clk 1:09:23]} Kf6 {[%clk 0:37:27]} 42. Rd7 {[%clk 1:09:46]} Rxa5
{[%clk 0:35:37]} 43. Rxb7 {[%clk 1:09:52]} Rb5 {[%clk 0:35:57]} 44. Ra7
{[%clk 1:10:07]} Rb3+ {[%clk 0:34:46]} 45. g3 {[%clk 1:10:15]} Rb6
{[%clk 0:35:09]} 46. g4 {[%clk 1:08:48]} hxg4+ {[%clk 0:27:25]} 47. Kxg4
{[%clk 1:08:15]} Rb4+ {[%clk 0:27:37]} 48. Kg3 {[%clk 1:08:02]} Ra4
{[%clk 0:27:56]} 49. Ra8 {[%clk 1:08:23]} a5 {[%clk 0:27:24]} 50. Ra7
{[%clk 1:08:21]} Kf5 {[%clk 0:26:00]} 51. Rf7+ {[%clk 1:08:42]} Ke6
{[%clk 0:26:28]} 52. Rg7 {[%clk 1:08:48]} Kf6 {[%clk 0:26:40]} 53. Ra7
{[%clk 1:09:11]} Ra1 {[%clk 0:26:38]} 54. Kf4 {[%clk 1:08:20]} a4
{[%clk 0:26:53]} 55. Ra6+ {[%clk 1:07:55]} Kf7 {[%clk 0:26:35]} 56. Ra7+
{[%clk 1:07:14]} Ke6 {[%clk 0:24:36]} 57. Ra6+ {[%clk 1:07:28]} Kd5
{[%clk 0:24:59]} 58. Rxg6 {[%clk 1:06:51]} a3 {[%clk 0:24:45]} 59. Rg2
{[%clk 1:04:27]} Rb1 {[%clk 0:18:09]} 60. Ra2 {[%clk 1:01:58]} 1/2-1/2

[Event "World Chess Olympiad 2018"]
[Site "Batumi"]
[Date "2018.10.02"]
[Round "8"]
[Board "4"]
[WhiteFideId "5203953"]
[White "Pascua Haridas"]
[BlackFideId "3000486"]
[Black "Muniz Rafael"]
[Result "1-0"]
[LiveChessVersion "1.4.8"]
[BlackElo "2248"]
[WhiteElo "2435"]

1. Nf3 {[%clk 1:30:45]} Nf6 {[%clk 1:30:52]} 2. g3 {[%clk 1:30:53]} g6
{[%clk 1:31:10]} 3. d4 {[%clk 1:30:44]} Bg7 {[%clk 1:31:20]} 4. c4
{[%clk 1:30:56]} O-O {[%clk 1:31:23]} 5. Bg2 {[%clk 1:31:15]} d6 {[%clk 1:31:41]}
6. O-O {[%clk 1:30:52]} Nc6 {[%clk 1:31:22]} 7. Nc3 {[%clk 1:29:26]} a6
{[%clk 1:29:51]} 8. d5 {[%clk 1:22:43]} Na5 {[%clk 1:28:19]} 9. Nd2
{[%clk 1:23:08]} c5 {[%clk 1:27:03]} 10. Qc2 {[%clk 1:23:22]} Rb8
{[%clk 1:25:00]} 11. b3 {[%clk 1:23:40]} b5 {[%clk 1:23:14]} 12. Rb1
{[%clk 1:23:53]} bxc4 {[%clk 1:10:46]} 13. bxc4 {[%clk 1:24:16]} Rxb1
{[%clk 1:10:43]} 14. Ncxb1 {[%clk 1:22:45]} e6 {[%clk 1:07:20]} 15. Nc3
{[%clk 1:18:19]} Ng4 {[%clk 0:53:54]} 16. Bb2 {[%clk 1:09:30]} e5
{[%clk 0:47:17]} 17. h3 {[%clk 1:01:16]} Nh6 {[%clk 0:45:47]} 18. Na4
{[%clk 0:56:06]} f5 {[%clk 0:30:46]} 19. f4 {[%clk 0:44:29]} Re8 {[%clk 0:26:19]}
20. e3 {[%clk 0:44:36]} Qc7 {[%clk 0:23:29]} 21. Rb1 {[%clk 0:38:44]} exf4
{[%clk 0:19:53]} 22. exf4 {[%clk 0:39:02]} Bxb2 {[%clk 0:15:21]} 23. Qxb2
{[%clk 0:36:14]} Re2 {[%clk 0:10:34]} 24. Bf1 {[%clk 0:35:27]} Re3
{[%clk 0:07:51]} 25. Kf2 {[%clk 0:35:22]} Re7 {[%clk 0:05:29]} 26. Nb6
{[%clk 0:27:33]} Nb7 {[%clk 0:03:11]} 27. Nf3 {[%clk 0:23:34]} Nf7
{[%clk 0:02:37]} 28. Bd3 {[%clk 0:21:41]} Re8 {[%clk 0:01:27]} 1-0

[Event "World Chess Olympiad 2018"]
[Site "Batumi"]
[Date "2018.10.02"]
[Round "8"]
[Board "1"]
[WhiteFideId "6400361"]
[White "Munoz Santana Jose Lisandro"]
[BlackFideId "5500419"]
[Black "Amdouni Zoubaier"]
[Result "0-1"]
[LiveChessVersion "1.4.8"]
[BlackElo "2218"]
[WhiteElo "2434"]

1. c4 {[%clk 1:30:56]} e5 {[%clk 1:30:14]} 2. g3 {[%clk 1:31:11]} Nc6
{[%clk 1:30:23]} 3. Nc3 {[%clk 1:31:34]} Bb4 {[%clk 1:25:45]} 4. Nd5
{[%clk 1:27:20]} Bc5 {[%clk 1:24:45]} 5. Bg2 {[%clk 1:25:20]} d6 {[%clk 1:23:29]}
6. e3 {[%clk 1:25:34]} Nce7 {[%clk 1:08:27]} 7. Ne2 {[%clk 1:24:20]} c6
{[%clk 1:08:41]} 8. Ndc3 {[%clk 1:24:24]} Nf6 {[%clk 1:05:16]} 9. O-O
{[%clk 1:24:45]} O-O {[%clk 1:05:24]} 10. d4 {[%clk 1:20:47]} Bb6
{[%clk 0:56:02]} 11. h3 {[%clk 1:08:08]} a5 {[%clk 0:52:21]} 12. Qc2
{[%clk 1:00:03]} Be6 {[%clk 0:34:33]} 13. dxe5 {[%clk 0:51:55]} dxe5
{[%clk 0:34:57]} 14. Na4 {[%clk 0:52:12]} Ba7 {[%clk 0:32:44]} 15. c5
{[%clk 0:51:46]} Ned5 {[%clk 0:28:38]} 16. a3 {[%clk 0:45:15]} e4
{[%clk 0:28:40]} 17. Nac3 {[%clk 0:36:57]} Qe7 {[%clk 0:23:37]} 18. Nxe4
{[%clk 0:32:53]} Nxe4 {[%clk 0:23:37]} 19. Qxe4 {[%clk 0:33:13]} Bxc5
{[%clk 0:23:46]} 20. b3 {[%clk 0:12:15]} Qf6 {[%clk 0:20:13]} 21. Bd2
{[%clk 0:08:20]} Rfd8 {[%clk 0:17:59]} 22. Qc2 {[%clk 0:08:29]} Bb6
{[%clk 0:16:21]} 23. e4 {[%clk 0:08:04]} Qg6 {[%clk 0:10:46]} 24. Kh2
{[%clk 0:07:50]} Bc7 {[%clk 0:09:59]} 25. f4 {[%clk 0:07:42]} Qh5
{[%clk 0:07:45]} 26. exd5 {[%clk 0:04:41]} Bxh3 {[%clk 0:08:02]} 27. g4
{[%clk 0:00:33]} Bxg4+ {[%clk 0:08:16]} 28. Kg3 {[%clk 0:01:02]} Bxe2
{[%clk 0:08:08]} 29. Rh1 {[%clk 0:01:26]} Qg4+ {[%clk 0:08:02]} 30. Kf2
{[%clk 0:01:50]} Bb6+ {[%clk 0:07:59]} 31. Ke1 {[%clk 0:02:10]} Qg3+
{[%clk 0:07:47]} 32. Kxe2 {[%clk 0:02:22]} Qxg2+ {[%clk 0:08:12]} 0-1

[Event "World Chess Olympiad 2018"]
[Site "Batumi"]
[Date "2018.10.02"]
[Round "8"]
[Board "2"]
[WhiteFideId "5500796"]
[White "Zaibi Amir"]
[BlackFideId "6405525"]
[Black "Abreu Jean Carlos Paul"]
[Result "1-0"]
[LiveChessVersion "1.4.8"]
[BlackElo "2310"]
[WhiteElo "2361"]

1. e4 {[%clk 1:30:57]} c5 {[%clk 1:30:53]} 2. Nf3 {[%clk 1:31:21]} Nc6 3. d4
{[%clk 1:31:27]} cxd4 {[%clk 1:31:39]} 4. Nxd4 {[%clk 1:31:52]} Nf6
{[%clk 1:31:41]} 5. Nc3 {[%clk 1:32:11]} d6 {[%clk 1:32:04]} 6. Bc4
{[%clk 1:32:16]} Qb6 {[%clk 1:31:47]} 7. Nxc6 {[%clk 1:31:59]} bxc6
{[%clk 1:32:08]} 8. O-O {[%clk 1:32:18]} g6 {[%clk 1:29:12]} 9. e5
{[%clk 1:30:58]} dxe5 {[%clk 1:29:19]} 10. Qe2 {[%clk 1:31:17]} Qc5
{[%clk 1:20:37]} 11. Be3 {[%clk 1:30:00]} Qd6 {[%clk 1:19:11]} 12. Rad1
{[%clk 1:22:39]} Qc7 {[%clk 1:19:34]} 13. f4 {[%clk 1:23:04]} Bg4
{[%clk 1:17:51]} 14. Qf2 {[%clk 1:23:12]} e4 {[%clk 1:13:10]} 15. Rde1
{[%clk 1:18:20]} Bf5 {[%clk 1:07:32]} 16. h3 {[%clk 1:17:44]} h5 {[%clk 1:07:54]}
17. Bd4 {[%clk 1:16:21]} Bg7 {[%clk 1:07:16]} 18. Bxf6 {[%clk 1:14:03]} Bxf6
{[%clk 0:58:19]} 19. Nxe4 {[%clk 1:14:20]} Bxe4 {[%clk 0:56:49]} 20. Rxe4
{[%clk 1:14:43]} Qb6 {[%clk 0:56:16]} 21. c3 {[%clk 1:11:49]} h4 {[%clk 0:51:33]}
22. Bb3 {[%clk 1:05:42]} O-O {[%clk 0:44:40]} 23. Rb4 {[%clk 1:00:00]} Qxf2+
{[%clk 0:38:54]} 24. Kxf2 {[%clk 1:00:10]} Rfd8 {[%clk 0:36:04]} 25. Rd1
{[%clk 0:59:06]} e6 {[%clk 0:31:35]} 26. Rb7 {[%clk 0:57:45]} Rxd1
{[%clk 0:26:06]} 27. Bxd1 {[%clk 0:58:11]} Bd8 {[%clk 0:26:08]} 28. Bf3
{[%clk 0:57:59]} Bb6+ {[%clk 0:25:38]} 29. Ke2 {[%clk 0:58:20]} Rc8
{[%clk 0:26:03]} 30. a4 {[%clk 0:54:59]} c5 {[%clk 0:24:47]} 31. Kd3
{[%clk 0:49:15]} c4+ {[%clk 0:22:29]} 32. Ke4 {[%clk 0:47:53]} Rc5
{[%clk 0:18:31]} 33. Be2 {[%clk 0:45:46]} Ra5 {[%clk 0:14:09]} 34. Bxc4
{[%clk 0:42:33]} Rxa4 {[%clk 0:14:31]} 35. b4 {[%clk 0:41:25]} Ra1
{[%clk 0:14:12]} 36. Bb5 {[%clk 0:26:35]} Re1+ {[%clk 0:08:45]} 37. Kd3
{[%clk 0:26:59]} Re3+ {[%clk 0:08:27]} 38. Kc2 {[%clk 0:26:11]} Re4
{[%clk 0:08:09]} 39. c4 {[%clk 0:25:43]} Bf2 {[%clk 0:04:09]} 40. c5
{[%clk 0:55:09]} Bg3 {[%clk 0:32:02]} 41. Kb3 {[%clk 0:44:19]} Bxf4
{[%clk 0:21:42]} 42. Be8 {[%clk 0:43:08]} a6 {[%clk 0:09:52]} 43. Bxf7+
{[%clk 0:42:59]} Kg7 44. Bxe6+ {[%clk 0:42:54]} Kf6 {[%clk 0:10:27]} 45. Bc4
{[%clk 0:42:37]} Re3+ {[%clk 0:08:45]} 46. Ka4 {[%clk 0:42:14]} Rg3
{[%clk 0:08:34]} 47. Bxa6 {[%clk 0:40:14]} Rxg2 {[%clk 0:08:56]} 48. Bc4
{[%clk 0:40:13]} Rc2 {[%clk 0:04:59]} 49. Kb5 {[%clk 0:39:28]} Rc3
{[%clk 0:01:35]} 50. Rf7+ {[%clk 0:38:17]} Ke5 {[%clk 0:01:58]} 51. Rxf4
{[%clk 0:38:25]} Kxf4 {[%clk 0:00:34]} 52. c6 {[%clk 0:38:47]} Re3
{[%clk 0:00:31]} 53. c7 {[%clk 0:39:08]} Re8 {[%clk 0:00:37]} 54. Be6
{[%clk 0:39:26]} Rxe6 {[%clk 0:00:32]} 55. c8=Q {[%clk 0:39:49]} Re5+
{[%clk 0:00:36]} 56. Kc4 {[%clk 0:39:44]} Re4+ {[%clk 0:00:52]} 57. Kd3
{[%clk 0:38:41]} Re3+ {[%clk 0:00:34]} 1-0